<?xml version="1.0" encoding="UTF-8"?>
<record
    xmlns:xsi="http://www.w3.org/2001/XMLSchema-instance"
    xsi:schemaLocation="http://www.loc.gov/MARC21/slim http://www.loc.gov/standards/marcxml/schema/MARC21slim.xsd"
    xmlns="http://www.loc.gov/MARC21/slim">

  <leader>00854nam a2200241 ar4500</leader>
  <controlfield tag="001">1833</controlfield>
  <controlfield tag="005">20221127090310.0</controlfield>
  <controlfield tag="008">100314s        xxka          00110|eng d</controlfield>
  <datafield tag="020" ind1=" " ind2=" ">
    <subfield code="a">027367353X(pbk) :</subfield>
    <subfield code="c">SR219.00</subfield>
  </datafield>
  <datafield tag="082" ind1="0" ind2="4">
    <subfield code="a">338.47</subfield>
    <subfield code="b">Se69 2003</subfield>
  </datafield>
  <datafield tag="245" ind1="0" ind2="0">
    <subfield code="a">Services management :</subfield>
    <subfield code="b">an integrated approach /</subfield>
    <subfield code="c">edited by Bart Van Looy, P. Gemmel, Roland Van Dierdonck.</subfield>
  </datafield>
  <datafield tag="250" ind1=" " ind2=" ">
    <subfield code="a">2nd ed.</subfield>
  </datafield>
  <datafield tag="260" ind1=" " ind2=" ">
    <subfield code="a">Harlow, England ;</subfield>
    <subfield code="a">New York :</subfield>
    <subfield code="b">FT/Prentice Hall,</subfield>
    <subfield code="c">2003.</subfield>
  </datafield>
  <datafield tag="300" ind1=" " ind2=" ">
    <subfield code="a">xxvi, 529 p. :</subfield>
    <subfield code="b">ill. ;</subfield>
    <subfield code="c">25 cm.</subfield>
  </datafield>
  <datafield tag="500" ind1=" " ind2=" ">
    <subfield code="a">Prev. ed. : 1998.</subfield>
  </datafield>
  <datafield tag="504" ind1=" " ind2=" ">
    <subfield code="a">Includes bibl. references and index.</subfield>
  </datafield>
  <datafield tag="650" ind1=" " ind2="4">
    <subfield code="a">Service industries</subfield>
    <subfield code="x">Management.</subfield>
  </datafield>
  <datafield tag="650" ind1=" " ind2="4">
    <subfield code="a">Industrial management.</subfield>
  </datafield>
  <datafield tag="650" ind1=" " ind2="4">
    <subfield code="a">International economic relations.</subfield>
  </datafield>
  <datafield tag="700" ind1="0" ind2=" ">
    <subfield code="a">Looy, Bart van,</subfield>
    <subfield code="e">edtor.</subfield>
  </datafield>
  <datafield tag="700" ind1="0" ind2=" ">
    <subfield code="a">Gemmel, Paul,</subfield>
    <subfield code="e">jt. edtor.</subfield>
  </datafield>
  <datafield tag="700" ind1="0" ind2=" ">
    <subfield code="a">Dierdonck, Roland van,</subfield>
    <subfield code="e">jt. editor.</subfield>
  </datafield>
  <datafield tag="999" ind1=" " ind2=" ">
    <subfield code="c">1831</subfield>
    <subfield code="d">1831</subfield>
  </datafield>
  <datafield tag="952" ind1=" " ind2=" ">
    <subfield code="0">0</subfield>
    <subfield code="1">0</subfield>
    <subfield code="2">DDC</subfield>
    <subfield code="4">0</subfield>
    <subfield code="7">0</subfield>
    <subfield code="a">CENTRAL</subfield>
    <subfield code="b">CENTRAL</subfield>
    <subfield code="d">2022-11-27</subfield>
    <subfield code="l">0</subfield>
    <subfield code="o">338.47 Se69 2003</subfield>
    <subfield code="p">1000000005851</subfield>
    <subfield code="r">2022-11-27 00:00:00</subfield>
    <subfield code="t">C1</subfield>
    <subfield code="w">2022-11-27</subfield>
    <subfield code="y">BK</subfield>
  </datafield>
  <datafield tag="952" ind1=" " ind2=" ">
    <subfield code="0">0</subfield>
    <subfield code="1">0</subfield>
    <subfield code="2">DDC</subfield>
    <subfield code="4">0</subfield>
    <subfield code="7">0</subfield>
    <subfield code="a">Women</subfield>
    <subfield code="b">Women</subfield>
    <subfield code="d">2022-11-27</subfield>
    <subfield code="l">0</subfield>
    <subfield code="o">338.47 Se69 2003</subfield>
    <subfield code="p">1000000006293</subfield>
    <subfield code="r">2022-11-27 00:00:00</subfield>
    <subfield code="t">C2</subfield>
    <subfield code="w">2022-11-27</subfield>
    <subfield code="y">BK</subfield>
  </datafield>
</record>
